Jogadores do Campeonato Brasileiro na Copa do Mundo FIFA de 2022 - Statistics

Estatísticas Gerais
  • Esse quiz foi jogado 238 vezes
  • A pontuação média é 6 de 7
Estatísticas das Respostas
Clube do Brasileirão Seleção Jogador % Correto
Flamengo Uruguai Giorgian de Arrascaeta
99%
Flamengo Brasil Pedro
97%
Palmeiras Brasil Weverton
92%
Flamengo Brasil Éverton RIbeiro
90%
São Paulo Equador Robert Arboleda
83%
Flamengo Uruguai Guillermo Varela
59%
Athletico Paranaense Uruguai Agustín Canobbio
58%
Nenhum quiz correspondente encontrado
Distribuição das Pontuações
Porcentagem de Pessoas com Cada Pontuação
Percentil de Números Respondidos
Sua Pontuação Histórica
Você não jogou esse quiz